000 00423nam a2200169 a 4500
001 29704
005 20180713232811.0
008 140415s1993 mx 000 0 spa d
020 _a96825119919
041 _aspa
082 _a370
_bVAR
100 1 _aVARGAS V. PALACIOS, A.
245 1 0 _aEDUCACIÓN PARA LA SALUD
250 _a1ª EDICIÓN
260 _aMEXICO :
_bMC GRAW HILL,
_c1993
520 _aCG
999 _c29704
_d29704